000 00516nam a2200169 i 4500
001 79284
003 ES-MaACL
005 20230906173939.0
007 t|
008 041020s1968 sp ||||1| spa d
100 1 _aHenri-Devos, Prosper.
_962570
245 1 3 _aAs cartas de Galicia de Prosper Henri-Devos /
_cXose Ramon e Fernandez Oxea.
260 _a[Vigo] :
_bGalaxia,
_c[1968]
300 _a120 p. :
_bil. ;
_c18 cm.
700 1 _aRamón e Fernández-Oxea, Xosé.
_995213
852 _aES-MaACL
_jC-34477
_bR.65660
999 _c79284
_d79284